<?xml version="1.0" encoding="UTF-8"?>
<record
    xmlns:xsi="http://www.w3.org/2001/XMLSchema-instance"
    xsi:schemaLocation="http://www.loc.gov/MARC21/slim http://www.loc.gov/standards/marcxml/schema/MARC21slim.xsd"
    xmlns="http://www.loc.gov/MARC21/slim">

  <leader>00610nam a22001337a 4500</leader>
  <datafield tag="040" ind1=" " ind2=" ">
    <subfield code="c">RUA </subfield>
  </datafield>
  <datafield tag="082" ind1=" " ind2=" ">
    <subfield code="a">LMA HON 2010 B302 Or.1</subfield>
  </datafield>
  <datafield tag="100" ind1=" " ind2=" ">
    <subfield code="a">HONG SOKUNTHEAVY ; &#x17A0;&#x17BB;&#x1784; &#x179F;&#x17BB;&#x1782;&#x1793;&#x17D2;&#x1792;&#x17B6;&#x179C;&#x17B8;</subfield>
  </datafield>
  <datafield tag="245" ind1=" " ind2=" ">
    <subfield code="a">Process of mass appraisal, &#x178A;&#x17C6;&#x178E;&#x17BE;&#x179A;&#x1780;&#x17B6;&#x179A;&#x1793;&#x17C3;&#x1780;&#x17B6;&#x179A;&#x179C;&#x17B6;&#x1799;&#x178F;&#x1798;&#x17D2;&#x179B;&#x17C3;&#x17A2;&#x1785;&#x179B;&#x1793;&#x1791;&#x17D2;&#x179A;&#x1791;&#x17D2;&#x1799;&#x1798;&#x17B6;&#x1793;&#x179B;&#x1780;&#x1787;&#x17B6;&#x1794;&#x17D2;&#x179A;&#x1796;&#x17D0;&#x1793;&#x17D2;&#x1792;&#x178A;&#x17C4;&#x1799;&#x179C;&#x17B7;&#x179F;&#x17D0;&#x1799;&#x179F;&#x17B6;&#x1792;&#x17B6;&#x179A;&#x178E;&#x17C8;</subfield>
  </datafield>
  <datafield tag="260" ind1=" " ind2=" ">
    <subfield code="a">Phnom Penh </subfield>
    <subfield code="b">RUA </subfield>
    <subfield code="c">2010</subfield>
  </datafield>
  <datafield tag="300" ind1=" " ind2=" ">
    <subfield code="a">x ; 65p.</subfield>
    <subfield code="b">ill.</subfield>
    <subfield code="c">29cm.</subfield>
  </datafield>
  <datafield tag="856" ind1=" " ind2=" ">
    <subfield code="u">https://drive.google.com/file/d/1zdcsanaIa5ntIxHrEGgtWB8yaLuEOi6h/view?usp=sharing</subfield>
  </datafield>
  <datafield tag="942" ind1=" " ind2=" ">
    <subfield code="c">LMA</subfield>
  </datafield>
  <datafield tag="999" ind1=" " ind2=" ">
    <subfield code="c">5537</subfield>
    <subfield code="d">5537</subfield>
  </datafield>
  <datafield tag="952" ind1=" " ind2=" ">
    <subfield code="0">0</subfield>
    <subfield code="1">0</subfield>
    <subfield code="2">ddc</subfield>
    <subfield code="4">0</subfield>
    <subfield code="6">LMA_HON_2010_000000000000000_B302_OR_1</subfield>
    <subfield code="7">0</subfield>
    <subfield code="9">29885</subfield>
    <subfield code="a">LBB</subfield>
    <subfield code="b">LBB</subfield>
    <subfield code="c">B302</subfield>
    <subfield code="d">2016-01-03</subfield>
    <subfield code="l">2</subfield>
    <subfield code="o">LMA HON 2010 B302 Or.1</subfield>
    <subfield code="p">RUA025711</subfield>
    <subfield code="r">2020-06-15</subfield>
    <subfield code="s">2020-06-08</subfield>
    <subfield code="w">2016-01-03</subfield>
    <subfield code="y">LMA</subfield>
  </datafield>
  <datafield tag="952" ind1=" " ind2=" ">
    <subfield code="0">0</subfield>
    <subfield code="1">0</subfield>
    <subfield code="2">ddc</subfield>
    <subfield code="4">0</subfield>
    <subfield code="6">LMA_HON_2010_000000000000000_B302_OR_2</subfield>
    <subfield code="7">0</subfield>
    <subfield code="9">29886</subfield>
    <subfield code="a">LBB</subfield>
    <subfield code="b">LBB</subfield>
    <subfield code="c">B302</subfield>
    <subfield code="d">2016-01-03</subfield>
    <subfield code="l">1</subfield>
    <subfield code="o">LMA HON 2010 B302 Or.2</subfield>
    <subfield code="p">RUA020522</subfield>
    <subfield code="r">2025-07-26</subfield>
    <subfield code="s">2025-05-21</subfield>
    <subfield code="w">2016-01-03</subfield>
    <subfield code="y">LMA</subfield>
  </datafield>
  <datafield tag="952" ind1=" " ind2=" ">
    <subfield code="0">0</subfield>
    <subfield code="1">0</subfield>
    <subfield code="2">ddc</subfield>
    <subfield code="4">0</subfield>
    <subfield code="6">LMA_HON_2010_000000000000000_B302_OR_3</subfield>
    <subfield code="7">0</subfield>
    <subfield code="9">29887</subfield>
    <subfield code="a">LBB</subfield>
    <subfield code="b">LBB</subfield>
    <subfield code="c">B302</subfield>
    <subfield code="d">2016-01-03</subfield>
    <subfield code="o">LMA HON 2010 B302 Or.3</subfield>
    <subfield code="p">RUA047224</subfield>
    <subfield code="r">2016-01-03</subfield>
    <subfield code="w">2016-01-03</subfield>
    <subfield code="y">LMA</subfield>
  </datafield>
  <datafield tag="952" ind1=" " ind2=" ">
    <subfield code="0">0</subfield>
    <subfield code="1">0</subfield>
    <subfield code="2">ddc</subfield>
    <subfield code="4">0</subfield>
    <subfield code="6">LMA_HON_2010_000000000000000_B302_OR_4</subfield>
    <subfield code="7">0</subfield>
    <subfield code="9">29888</subfield>
    <subfield code="a">LBB</subfield>
    <subfield code="b">LBB</subfield>
    <subfield code="c">B302</subfield>
    <subfield code="d">2016-01-03</subfield>
    <subfield code="l">1</subfield>
    <subfield code="o">LMA HON 2010 B302 Or.4</subfield>
    <subfield code="p">RUA017138</subfield>
    <subfield code="r">2016-08-02</subfield>
    <subfield code="s">2016-07-15</subfield>
    <subfield code="w">2016-01-03</subfield>
    <subfield code="y">LMA</subfield>
  </datafield>
  <datafield tag="952" ind1=" " ind2=" ">
    <subfield code="0">0</subfield>
    <subfield code="1">0</subfield>
    <subfield code="2">ddc</subfield>
    <subfield code="4">0</subfield>
    <subfield code="6">LMA_HON_2010_000000000000000_B302_OR_5</subfield>
    <subfield code="7">0</subfield>
    <subfield code="9">29889</subfield>
    <subfield code="a">LBB</subfield>
    <subfield code="b">LBB</subfield>
    <subfield code="c">B302</subfield>
    <subfield code="d">2016-01-03</subfield>
    <subfield code="l">2</subfield>
    <subfield code="o">LMA HON 2010 B302 Or.5</subfield>
    <subfield code="p">RUA016883</subfield>
    <subfield code="r">2022-10-19</subfield>
    <subfield code="s">2022-10-05</subfield>
    <subfield code="w">2016-01-03</subfield>
    <subfield code="y">LMA</subfield>
  </datafield>
  <datafield tag="952" ind1=" " ind2=" ">
    <subfield code="0">0</subfield>
    <subfield code="1">0</subfield>
    <subfield code="2">ddc</subfield>
    <subfield code="4">0</subfield>
    <subfield code="6">LMA_HON_2010_000000000000000_B302_OR_6</subfield>
    <subfield code="7">0</subfield>
    <subfield code="9">29890</subfield>
    <subfield code="a">LBB</subfield>
    <subfield code="b">LBB</subfield>
    <subfield code="c">B302</subfield>
    <subfield code="d">2016-01-03</subfield>
    <subfield code="l">3</subfield>
    <subfield code="m">3</subfield>
    <subfield code="o">LMA HON 2010 B302 Or.6</subfield>
    <subfield code="p">RUA017767</subfield>
    <subfield code="r">2016-09-28</subfield>
    <subfield code="s">2016-08-26</subfield>
    <subfield code="w">2016-01-03</subfield>
    <subfield code="y">LMA</subfield>
  </datafield>
  <datafield tag="952" ind1=" " ind2=" ">
    <subfield code="0">0</subfield>
    <subfield code="1">0</subfield>
    <subfield code="2">ddc</subfield>
    <subfield code="4">0</subfield>
    <subfield code="6">LMA_HON_2010_000000000000000_B302_OR_7</subfield>
    <subfield code="7">0</subfield>
    <subfield code="9">29891</subfield>
    <subfield code="a">LBB</subfield>
    <subfield code="b">LBB</subfield>
    <subfield code="c">B302</subfield>
    <subfield code="d">2016-01-03</subfield>
    <subfield code="o">LMA HON 2010 B302 Or.7</subfield>
    <subfield code="p">RUA016815</subfield>
    <subfield code="r">2016-01-03</subfield>
    <subfield code="w">2016-01-03</subfield>
    <subfield code="y">LMA</subfield>
  </datafield>
</record>
